| 000 | 00957nac a22002531u 4500 | ||
|---|---|---|---|
| 010 | _a2003063284 | ||
| 020 | _a0521833787 | ||
| 082 | 0 | 0 |
_a519.6 _bB7894 |
| 090 |
_c1354 _d1354 |
||
| 100 | _aBoyd, Stephen P. | ||
| 245 | 1 | 0 |
_aConvex optimization / _cStephen Boyd, Lieven Vandenberghe. |
| 260 |
_aCambridge, UK ; _aNew York : _bCambridge University Press, _c2004. |
||
| 300 |
_axiii, 716 p. : _bill. ; _c26 cm. |
||
| 504 | _aIncludes bibliographical references (p. [685]-696) and index. | ||
| 650 | 0 | _aMathematical optimization. | |
| 650 | 0 | _aConvex functions. | |
| 700 | 1 | _aVandenberghe, Lieven. | |
| 856 | 4 | 2 |
_3Publisher description _uhttp://www.loc.gov/catdir/description/cam041/2003063284.html |
| 856 | 4 | 2 |
_3Table of contents _uhttp://www.loc.gov/catdir/toc/cam041/2003063284.html |
| 942 |
_cBB _k519.6B7894 _hRDA-MOD |
||
| 999 |
_c1354 _d1354 |
||
| 336 |
_2rdacontent _atext _btxt |
||
| 337 |
_aunmediated _2rdamedia _bn |
||
| 338 |
_avolume _bnc _2rdacarrier |
||